LIBRARY ONLINE CATALOGUE

Principles of Macroeconomics (Record no. 17054)

MARC details
000 -LEADER
fixed length control field 00412nam a22001457a 4500
008 - FIXED-LENGTH DATA ELEMENTS--GENERAL INFORMATION
fixed length control field 180727b xxu||||| |||| 00| 0 eng d
020 ## - INTERNATIONAL STANDARD BOOK NUMBER
International Standard Book Number 0130464740
050 ## - LIBRARY OF CONGRESS CALL NUMBER
Classification number HB172.5
Item number .C37 2003 c.1
100 ## - MAIN ENTRY--PERSONAL NAME
Personal name Case, Karl E.
245 ## - TITLE STATEMENT
Title Principles of Macroeconomics
Statement of responsibility, etc. Karl E. Case
250 ## - EDITION STATEMENT
Edition statement 6th ed.
Remainder of edition statement 2002- 2003 updated edition
300 ## - PHYSICAL DESCRIPTION
Extent 1 vol (various paging)
650 ## - SUBJECT ADDED ENTRY--TOPICAL TERM
Topical term or geographic name as entry element Macroeconomics
942 ## - ADDED ENTRY ELEMENTS (KOHA)
Source of classification or shelving scheme Library of Congress Classification
Koha item type General Collection
Holdings
Withdrawn status Lost status Source of classification or shelving scheme Not for loan Home library Current library Date acquired Cost, normal purchase price Total Checkouts Total Renewals Full call number Barcode Date last seen Date last checked out Price effective from Koha item type
    Library of Congress Classification   Kabarak, Main Campus Kabarak, Main Campus 27/07/2018 4995.00 12 1 HB172.5 .C37 2003 c.1 024588 04/02/2026 28/01/2026 27/07/2018 General Collection